ბათუმის შოთა რუსთაველის სახელმწიფო უნივერსიტეტის ბიბლიოთეკა

ძველი და ახალი აღთქმანი (ბიბ.ჩანაწერი № 41930)

000 -LEADER
fixed length control field 00905nam a2200241Ia 4500
001 - CONTROL NUMBER
control field 8614
003 - CONTROL NUMBER IDENTIFIER
control field GE_BSU
008 - FIXED-LENGTH DATA ELEMENTS--GENERAL INFORMATION
fixed length control field 181216s||||||||xx |||||||||||||| ||und||
040 ## - CATALOGING SOURCE
Transcribing agency GE_BSU
080 ## - UNIVERSAL DECIMAL CLASSIFICATION NUMBER
Universal Decimal Classification number 821.353.1-7+27
100 ## - MAIN ENTRY--PERSONAL NAME
Personal name თოდრია, სილვა
245 ## - TITLE STATEMENT
Title ძველი და ახალი აღთქმანი
245 ## - TITLE STATEMENT
Remainder of title ანტირელიგიური სატირა
245 ## - TITLE STATEMENT
Statement of responsibility, etc. რედ. და წინასიტყვ. ავტ.: შ. რადიანი
260 ## - PUBLICATION, DISTRIBUTION, ETC.
Place of publication, distribution, etc. ტფილისი.
260 ## - PUBLICATION, DISTRIBUTION, ETC.
Name of publisher, distributor, etc. სახელგამი
260 ## - PUBLICATION, DISTRIBUTION, ETC.
Date of publication, distribution, etc. 1935
300 ## - PHYSICAL DESCRIPTION
Extent 215 გვ; 18 სმ.
300 ## - PHYSICAL DESCRIPTION
Other physical details დამატ. თავფ. რუს.ენაზე
653 ## - INDEX TERM--UNCONTROLLED
Uncontrolled term ანტირელიგიური სატირა
653 ## - INDEX TERM--UNCONTROLLED
Uncontrolled term ძველი აღთქმა; ახალი აღთქმა;
942 ## - ADDED ENTRY ELEMENTS (KOHA)
Koha item type წიგნი
ეგზემპლარები
Withdrawn status Lost status Damaged status Not for loan Date acquired Barcode Date last seen Price effective from Koha item type
        2018-12-17 31032 2018-12-17 2018-12-17 წიგნი